000 00337nam a22001457a 4500
008 210511b ||||| |||| 00| 0 eng d
020 _a0684871580
041 _aeng
080 _a32
082 _a32
100 _a19
101 _aSHP
245 _aGerms Biological Weapons and America's Secret War
_cJudith Miller
942 _2udc
_cBK
999 _c57259
_d57259